LEADER 02657nam 2200373 450 001 9910719801303321 005 20230624064541.0 035 $a(CKB)4960000000467693 035 $a(NjHacI)994960000000467693 035 $a(EXLCZ)994960000000467693 100 $a20230624d2022 uy 0 101 0 $aita 135 $aur||||||||||| 181 $ctxt$2rdacontent 182 $cc$2rdamedia 183 $acr$2rdacarrier 200 00$aPer una mappatura del pensiero di Antonio Gramsci nel Sud del mondo $eRicezione, traducibilita?, declinazioni teoriche e praxis gramsciane /$fa cura di Patrizia Manduchi e Alessandra Marchi 210 1$aCagliari :$cUNICApress,$d[2022] 210 4$dİ2022 215 $a1 online resource (175 pages) 225 0 $aQuaderni del GramsciLab ;$v1 311 $a88-3312-061-9 330 $aQuesto volume raccoglie i risultati delle attivita? del Laboratorio di studi internazionali gramsciani (GramsciLab) e nasce dall'esigenza, condivisa fra colleghe e colleghi di diverse aree scientifiche, ma accomunati dalla specializzazione in studi storico-politici e linguistici in determinati contesti d'area, di procedere a una piu? ampia 'mappatura' della diffusione del pensiero di Antonio Gramsci. L'attenzione e? rivolta a Paesi dell'Asia, dell'Africa e dell'America Latina, dove le analisi e le riflessioni su alcune importanti categorie analitiche gramsciane si sviluppano da decenni con sempre piu? vigore e sorprendenti risultati, spesso poco noti, soprattutto in Italia (anche, ma non solo, a causa delle difficolta? linguistiche). 330 $aThis volume collects the results of the activities of the Hub for International Gramscian Studies (GramsciLab) and stems from the need, shared among colleagues from different scientific areas but united by specialization in historical-political and linguistic studies in specific area contexts, to proceed to a broader 'mapping' of the diffusion of Antonio Gramsci's thought. The focus is on countries in Asia, Africa and Latin America, where analyses and reflections on some important Gramscian analytical categories have been developing for decades with increasing vigor and surprising results, often little known, especially in Italy (not only for linguistic difficulties). 517 $aPer una mappatura del pensiero di Antonio Gramsci nel Sud del mondo 676 $a320.532092 702 $aManduchi$b Patrizia 702 $aMarchi$b Alessandra 801 0$bNjHacI 801 1$bNjHacl 906 $aBOOK 912 $a9910719801303321 996 $aPer una mappatura del pensiero di Antonio Gramsci nel Sud del mondo$93390840 997 $aUNINA